[Event "Napoli Primavera al Vomero op"]
[Site "Napoli"]
[Date "2016.05.26"]
[Round "4"]
[White "Norcia, Fabrizio"]
[Black "Gallina, Giacomo"]
[Result "0-1"]
[WhiteElo "1440"]
[BlackElo "1716"]
[PlyCount "113"]
[EventDate "2016.05.05"]
[EventType "swiss"]
[EventRounds "6"]
[EventCountry "ITA"]
[SourceTitle "EXT 2018"]
[Source "ChessBase"]
[SourceDate "2017.10.13"]
[SourceVersion "1"]
[SourceVersionDate "2017.10.13"]
[SourceQuality "1"]

1. e4 d5 2. exd5 Nf6 3. d4 Nxd5 4. c4 Nb4 5. a3 N4a6 6. Nf3 c6 7. Nc3 Bg4 8. Be2 e6 9. Be3 Be7 10. Qb3 b6 11. h3 Bh5 12. 0-0 0-0 13. Rfe1 Nd7 14. Qa4 Nab8 15. b4 a5 16. c5 b5 17. Qc2 a4 18. Ne4 Na6 19. Ne5 Nxe5 20. dxe5 Bg6 21. Rad1 Qe8 22. Bf3 Nc7 23. Bd4 Nd5 24. Qb2 Bxe4 25. Bxe4 Rd8 26. Qc2 h5 27. Bxd5 Rxd5 28. g4 hxg4 29. hxg4 Bg5 30. Kg2 g6 31. Kg3 Kg7 32. f4 Be7 33. g5 Rh8 34. Qb2 Qd8 35. Rh1 Rxh1 36. Rxh1 Rxd4 37. Qh2 Bxg5 38. Qh7+ Kf8 39. Qh8+ Ke7 40. Qxd8+ Rxd8 41. fxg5 Rd3+ 42. Kf4 Rxa3 43. Ke4 Rb3 44. Ra1 Rxb4+ 45. Kd3 Rg4 46. Kc3 Kd7 47. Rh1 Rxg5 48. Kb4 Rxe5 49. Rh7 Rf5 50. Rg7 e5 51. Ka5 Ke6 52. Kb6 Kd5 53. Rg8 e4 54. Rd8+ Kc4 55. Rd6 Rxc5 56. Rxc6 Rxc6+ 57. Kxc6 0-1

[Event "Napoli Province-ch"]
[Site "Napoli"]
[Date "2016.03.17"]
[Round "3"]
[White "Giovine, Massimo"]
[Black "Gallina, Giacomo"]
[Result "0-1"]
[WhiteElo "1651"]
[BlackElo "1716"]
[PlyCount "116"]
[EventDate "2016.02.25"]
[EventType "swiss"]
[EventRounds "7"]
[EventCountry "ITA"]
[SourceTitle "EXT 2018"]
[Source "ChessBase"]
[SourceDate "2017.10.13"]
[SourceVersion "1"]
[SourceVersionDate "2017.10.13"]
[SourceQuality "1"]

1. d4 f5 2. c4 Nf6 3. Nc3 e6 4. g3 a6 5. Bg2 Bb4 6. Qc2 0-0 7. e3 Ba5 8. a3 Nc6 9. b4 Bb6 10. c5 Ba7 11. Nf3 Qe8 12. 0-0 Ne7 13. a4 Ned5 14. Nxd5 Nxd5 15. Qc4 d6 16. Bd2 Bd7 17. Qc2 Kh8 18. Ng5 c6 19. e4 Nf6 20. Rfe1 h6 21. e5 dxe5 22. dxe5 Nd5 23. Nf3 Rd8 24. Bc1 Nxb4 25. Qb3 Bxc5 26. Be3 Qe7 27. Bxc5 Qxc5 28. Rac1 Qe7 29. Nd2 Bc8 30. Red1 Rd3 31. Qb1 Rfd8 32. Nc4 Rxd1+ 33. Rxd1 Rxd1+ 34. Qxd1 Nd5 35. Nd6 Bd7 36. Qb3 b5 37. axb5 axb5 38. Qa3 Kh7 39. Qf3 Be8 40. h3 Bg6 41. g4 fxg4 42. hxg4 Qg5 43. Qg3 Nf4 44. Qe3 Qxg4 45. Qf3 Qxg2+ 46. Qxg2 Nxg2 47. Kxg2 b4 48. Nc4 Be4+ 49. Kg3 Bd5 50. Nb2 b3 51. Kf4 Kg6 52. Ke3 c5 53. f4 Kf5 54. Nd1 c4 55. Nc3 g5 56. fxg5 hxg5 57. Kd4 b2 58. Nb1 Be4 0-1

[Event "Napoli Province-ch"]
[Site "Napoli"]
[Date "2016.03.03"]
[Round "2"]
[White "Gonzini, Gianmaria"]
[Black "Gallina, Giacomo"]
[Result "1-0"]
[WhiteElo "1952"]
[BlackElo "1716"]
[PlyCount "107"]
[EventDate "2016.02.25"]
[EventType "swiss"]
[EventRounds "7"]
[EventCountry "ITA"]
[SourceTitle "EXT 2018"]
[Source "ChessBase"]
[SourceDate "2017.10.13"]
[SourceVersion "1"]
[SourceVersionDate "2017.10.13"]
[SourceQuality "1"]

1. Nf3 b6 2. e3 Bb7 3. d4 g6 4. c4 Bg7 5. Nc3 d6 6. g3 e6 7. Bg2 Ne7 8. h4 Nd7 9. h5 g5 10. h6 Bf8 11. d5 Ng6 12. Nd4 a6 13. e4 Qe7 14. dxe6 fxe6 15. Rh5 c5 16. Bxg5 Qf7 17. Nc2 Be7 18. Bxe7 Qxe7 19. Qe2 0-0-0 20. 0-0-0 Nde5 21. f4 Nc6 22. Bh3 Kb8 23. Qg4 Rhe8 24. Bg2 Ka7 25. Rhh1 Rg8 26. Qe2 Qf8 27. Bh3 Qxh6 28. Bxe6 Qg7 29. Bxg8 Qxg8 30. Nd5 Nf8 31. Qf2 Ne6 32. Rh6 Ned4 33. Nxd4 Nxd4 34. Kb1 Qg7 35. Rdh1 Nc6 36. Rxh7 Qg4 37. R7h4 Qg6 38. f5 Qg7 39. Nf4 Qe5 40. Ne6 Rg8 41. Qf4 Qf6 42. Rh6 Qf7 43. Qxd6 Qe8 44. Rh7 Na5 45. Rxb7+ Nxb7 46. Rh7 a5 47. Qd5 Qb8 48. a3 Rxg3 49. e5 Re3 50. Nc7 Qc8 51. e6 Kb8 52. Rd7 a4 53. Ka2 Qh8 54. Na6+ 1-0

[Event "Napoli Province-ch"]
[Site "Napoli"]
[Date "2012.12.20"]
[Round "6"]
[White "Zinnai, Graziano Matteo"]
[Black "Gallina, Giacomo"]
[Result "1-0"]
[WhiteElo "2034"]
[BlackElo "1705"]
[PlyCount "75"]
[EventDate "2012.11.22"]
[EventType "swiss"]
[EventRounds "7"]
[EventCountry "ITA"]
[SourceTitle "EXT 2014"]
[Source "ChessBase"]
[SourceDate "2013.11.20"]
[SourceVersion "1"]
[SourceVersionDate "2013.11.20"]
[SourceQuality "1"]

1. e4 b6 2. d4 Bb7 3. Bd3 g6 4. Nf3 Bg7 5. c3 d6 6. 0-0 e6 7. Nbd2 Nd7 8. Re1 Ne7 9. Nf1 0-0 10. Ng3 a5 11. h4 h6 12. Be3 e5 13. Qd2 Kh7 14. h5 exd4 15. cxd4 Nf6 16. Qc2 Ng4 17. Bd2 g5 18. e5+ Kh8 19. Nf5 Nxf5 20. Bxf5 dxe5 21. Bxg4 exd4 22. Rac1 c5 23. Ne5 Bxe5 24. Rxe5 d3 25. Qb3 Qd4 26. Bc3 d2 27. Rd1 c4 28. Bxd4 cxb3 29. axb3 f6 30. Re7 Bd5 31. Rxd2 Bxb3 32. Bf5 b5 33. Bc3 Rf7 34. Rxf7 Bxf7 35. Bxf6+ Kg8 36. Rd8+ Rxd8 37. Bxd8 Bxh5 38. Bxa5 1-0

[Event "Napoli Province-ch 2012"]
[Site "Napoli"]
[Date "2012.02.02"]
[Round "7"]
[White "Gallina, Giacomo"]
[Black "Miccoli, Livio"]
[Result "1-0"]
[WhiteElo "1697"]
[BlackElo "1670"]
[PlyCount "113"]
[EventDate "2011.12.15"]
[EventType "swiss"]
[EventRounds "7"]
[EventCountry "ITA"]
[SourceTitle "EXT 2018"]
[Source "ChessBase"]
[SourceDate "2017.10.13"]
[SourceVersion "1"]
[SourceVersionDate "2017.10.13"]
[SourceQuality "1"]

1. e4 e6 2. d3 c5 3. g3 Nc6 4. Bg2 d6 5. Nf3 Nf6 6. 0-0 g6 7. Re1 Bg7 8. Nbd2 0-0 9. Nf1 Bd7 10. h4 Rb8 11. N1h2 Qc7 12. c3 b5 13. g4 Rfd8 14. g5 Nh5 15. Ng4 Ne5 16. Nfxe5 dxe5 17. Nh6+ Kf8 18. Ng4 Bc6 19. Qf3 Rd7 20. Be3 Bb7 21. Rad1 Rbd8 22. Nf6 Bxf6 23. gxf6 Nf4 24. Bxf4 exf4 25. h5 Qe5 26. hxg6 fxg6 27. Qh3 Qxf6 28. Qh6+ Kg8 29. a3 e5 30. Bf1 a6 31. f3 Qf7 32. Rd2 c4 33. d4 exd4 34. e5 Qf8 35. Qh3 d3 36. Qe6+ Qf7 37. Bh3 Re7 38. Qb6 Rde8 39. Qd4 g5 40. Bg4 h5 41. e6 Qg6 42. Rh2 Rh7 43. Bh3 Bxf3 44. Bg2 Bxg2 45. Rxg2 g4 46. Qxf4 Rxe6 47. Qb8+ Kg7 48. Qc7+ Kh6 49. Qf4+ Kg7 50. Qd4+ Rf6 51. Re7+ Kh6 52. Qe3+ Qg5 53. Rxh7+ Kxh7 54. Qxg5 Rg6 55. Qxh5+ Kg7 56. Qe5+ Kh6 57. Rh2# 1-0

[Event "Napoli Province-ch 2012"]
[Site "Napoli"]
[Date "2012.01.19"]
[Round "5"]
[White "Gallina, Giacomo"]
[Black "Di Gennaro, Antonio"]
[Result "1/2-1/2"]
[WhiteElo "1697"]
[BlackElo "1674"]
[PlyCount "67"]
[EventDate "2011.12.15"]
[EventType "swiss"]
[EventRounds "7"]
[EventCountry "ITA"]
[SourceTitle "EXT 2018"]
[Source "ChessBase"]
[SourceDate "2017.10.13"]
[SourceVersion "1"]
[SourceVersionDate "2017.10.13"]
[SourceQuality "1"]

1. e4 c5 2. Nc3 Nc6 3. Bc4 e6 4. a3 g6 5. d3 Bg7 6. f4 Nge7 7. Bb3 0-0 8. Nf3 d5 9. e5 a6 10. 0-0 Nf5 11. Ne2 Qb6 12. Kh1 Qd8 13. Qe1 b5 14. Qf2 d4 15. Ng5 h6 16. Ne4 c4 17. dxc4 d3 18. cxd3 Qxd3 19. Nc5 Qd8 20. Rd1 Qb6 21. cxb5 axb5 22. Ne4 Qxf2 23. Nxf2 b4 24. a4 Ba6 25. Re1 Ncd4 26. Nxd4 Nxd4 27. Bd1 Rfc8 28. Ne4 Nc2 29. Bxc2 Rxc2 30. Nd6 Bf8 31. Rd1 Rd8 32. b3 Bb7 33. Be3 Bxg2+ 34. Kg1 1/2-1/2

[Event "Napoli Province-ch 2012"]
[Site "Napoli"]
[Date "2011.12.15"]
[Round "1"]
[White "Gallina, Giacomo"]
[Black "Gallo, Thomas Renato"]
[Result "0-1"]
[WhiteElo "1697"]
[BlackElo "1887"]
[PlyCount "90"]
[EventDate "2011.12.15"]
[EventType "swiss"]
[EventRounds "7"]
[EventCountry "ITA"]
[SourceTitle "EXT 2018"]
[Source "ChessBase"]
[SourceDate "2017.10.13"]
[SourceVersion "1"]
[SourceVersionDate "2017.10.13"]
[SourceQuality "1"]

1. e4 e5 2. Nc3 Nf6 3. Bc4 Nxe4 4. Qh5 Nd6 5. Qxe5+ Qe7 6. Qxe7+ Bxe7 7. Bb3 c6 8. Nf3 Na6 9. a3 0-0 10. 0-0 Nc5 11. Ba2 Bf6 12. d4 Ne6 13. Rd1 Nf5 14. d5 Ned4 15. Nxd4 Nxd4 16. Bb1 Re8 17. Be3 Nf5 18. Bd2 b6 19. g4 Nd6 20. Ba2 Bb7 21. Rab1 b5 22. Bf4 Ne4 23. Nxe4 Rxe4 24. dxc6 Bxc6 25. Bg3 Rxg4 26. Bd5 h5 27. Kf1 Re8 28. c3 a5 29. f3 Rg5 30. Bxc6 dxc6 31. Rd6 Rc5 32. Rbd1 Rc4 33. Rd7 b4 34. cxb4 axb4 35. b3 Rc3 36. Rc7 Rxf3+ 37. Kg2 Rxb3 38. axb4 Rxb4 39. Rxc6 h4 40. Be1 Re2+ 41. Kf3 Rbb2 42. h3 Rh2 43. Kg4 Rbg2+ 44. Kf3 Re2 45. Rd3 Rxh3+ 0-1

[Event "Napoli Estate al Vomero op 5th"]
[Site "Napoli"]
[Date "2011.05.26"]
[Round "4"]
[White "Gallo, Thomas Renato"]
[Black "Gallina, Giacomo"]
[Result "1-0"]
[WhiteElo "1881"]
[BlackElo "1698"]
[PlyCount "47"]
[EventDate "2011.05.08"]
[EventType "swiss"]
[EventRounds "7"]
[EventCountry "ITA"]
[SourceTitle "EXT 2018"]
[Source "ChessBase"]
[SourceDate "2017.10.13"]
[SourceVersion "1"]
[SourceVersionDate "2017.10.13"]
[SourceQuality "1"]

1. d4 c5 2. d5 d6 3. c4 Nf6 4. Nc3 e5 5. e4 Be7 6. Be2 0-0 7. Bd2 a6 8. Nf3 Ne8 9. Qb3 f5 10. 0-0-0 fxe4 11. Nxe4 Nf6 12. Bd3 Nbd7 13. h3 Nxe4 14. Bxe4 Nf6 15. Bb1 Qe8 16. g4 b5 17. Ng5 bxc4 18. Qxc4 Rb8 19. Qc2 g6 20. Bc3 Bd7 21. Qd2 c4 22. Ne6 Bxe6 23. dxe6 Ne4 24. Bxe4 1-0

[Event "Napoli Estate al Vomero op 5th"]
[Site "Napoli"]
[Date "2011.05.05"]
[Round "1"]
[White "Gallina, Giacomo"]
[Black "Sparice, Lorenzo"]
[Result "1-0"]
[WhiteElo "1698"]
[BlackElo "1374"]
[PlyCount "41"]
[EventDate "2011.05.08"]
[EventType "swiss"]
[EventRounds "7"]
[EventCountry "ITA"]
[SourceTitle "EXT 2018"]
[Source "ChessBase"]
[SourceDate "2017.10.13"]
[SourceVersion "1"]
[SourceVersionDate "2017.10.13"]
[SourceQuality "1"]

1. e4 c5 2. Nc3 e6 3. Bc4 b6 4. d3 a6 5. a4 Nf6 6. e5 Bb7 7. Nf3 d5 8. Bb3 Nfd7 9. 0-0 Nc6 10. Re1 Nd4 11. Nxd4 cxd4 12. Nb1 Be7 13. Nd2 b5 14. Qg4 0-0 15. Nf3 h6 16. Bxh6 g5 17. Bxg5 f5 18. exf6 Nxf6 19. Bxf6+ Kf7 20. Ne5+ Kxf6 21. Qg6# 1-0

[Event "Napoli Primavera al Vomero op 7th"]
[Site "Napoli"]
[Date "2011.03.25"]
[Round "3"]
[White "Borrelli, Salvatore"]
[Black "Gallina, Giacomo"]
[Result "1-0"]
[WhiteElo "1973"]
[BlackElo "1703"]
[PlyCount "81"]
[EventDate "2011.03.11"]
[EventType "swiss"]
[EventRounds "7"]
[EventCountry "ITA"]
[SourceTitle "EXT 2018"]
[Source "ChessBase"]
[SourceDate "2017.10.13"]
[SourceVersion "1"]
[SourceVersionDate "2017.10.13"]
[SourceQuality "1"]

1. d4 d5 2. Nf3 Nf6 3. e3 Bg4 4. h3 Bf5 5. c4 c6 6. cxd5 Nxd5 7. Nc3 e6 8. Be2 Nd7 9. 0-0 Bd6 10. Re1 0-0 11. Bf1 Bg6 12. e4 Nxc3 13. bxc3 Bh5 14. e5 Be7 15. Bd3 Bg6 16. a4 Bxd3 17. Qxd3 Nc5 18. Qb1 Nd7 19. Qxb7 c5 20. Qe4 cxd4 21. Qg4 dxc3 22. Bh6 g6 23. Bxf8 Bxf8 24. Qd4 Qc7 25. Rac1 Rc8 26. Re2 Nb6 27. Ng5 Nd5 28. Ne4 a5 29. Nf6+ Nxf6 30. exf6 Bc5 31. Qh4 h5 32. Qg5 Qd7 33. Rec2 Qd4 34. Rxc3 e5 35. Qh6 Qxf2+ 36. Kh2 Qxf6 37. Rxc5 Rd8 38. Rc8 e4 39. Qe3 Qe7 40. Rxd8+ Qxd8 41. Qxe4 1-0

[Event "Napoli Vomero Septembre 7th"]
[Site "Napoli"]
[Date "2010.10.03"]
[Round "4"]
[White "Gallina, Giacomo"]
[Black "Miccoli, Livio"]
[Result "1-0"]
[WhiteElo "1720"]
[BlackElo "1706"]
[PlyCount "73"]
[EventDate "2010.09.10"]
[EventType "swiss"]
[EventRounds "7"]
[EventCountry "ITA"]
[SourceTitle "EXT 2024"]
[Source "ChessBase"]
[SourceDate "2023.10.10"]
[SourceVersion "1"]
[SourceVersionDate "2023.10.10"]
[SourceQuality "1"]

1. e4 e6 2. Bc4 d5 3. Bb3 Nf6 4. e5 Nfd7 5. d4 c5 6. c3 Nc6 7. Nf3 f6 8. 0-0 fxe5 9. dxe5 Ndxe5 10. Nxe5 Nxe5 11. Re1 Bd6 12. f4 Ng6 13. Qh5 0-0 14. g3 Rf5 15. Qg4 Kh8 16. Bc2 Rf6 17. Qh5 Bd7 18. Nd2 Qe7 19. Nf3 Be8 20. Qh3 h6 21. f5 Nf8 22. Bg5 Bd7 23. Ne5 Re8 24. Nxd7 Nxd7 25. Rxe6 Rxe6 26. Bxe7 R6xe7 27. Rf1 Re2 28. Ba4 Rxb2 29. f6 Ree2 30. fxg7+ Kxg7 31. Qxd7+ Be7 32. Qg4+ Bg5 33. Qd7+ Be7 34. Qxd5 Bf6 35. Bb3 c4 36. Bxc4 Rg2+ 37. Qxg2 1-0

[Event "Napoli Vomero Winter 5th"]
[Site "Napoli"]
[Date "2010.01.28"]
[Round "3"]
[White "Gallina, Giacomo"]
[Black "Esposito, Pino"]
[Result "1/2-1/2"]
[WhiteElo "1705"]
[BlackElo "1881"]
[PlyCount "65"]
[EventDate "2010.01.14"]
[EventType "swiss"]
[EventRounds "7"]
[EventCountry "ITA"]
[SourceTitle "EXT 2024"]
[Source "ChessBase"]
[SourceDate "2023.10.10"]
[SourceVersion "1"]
[SourceVersionDate "2023.10.10"]
[SourceQuality "1"]

1. Nc3 d5 2. f4 Nf6 3. e3 c5 4. Nf3 Bg4 5. h3 Bxf3 6. Qxf3 e6 7. Bb5+ Nc6 8. a3 a6 9. Bxc6+ bxc6 10. Ne2 c4 11. Ng3 Rb8 12. Qe2 Be7 13. e4 Qc7 14. 0-0 dxe4 15. Qxc4 Qb6+ 16. Kh1 Qb5 17. Qxb5 axb5 18. b4 Rd8 19. Re1 Rd4 20. f5 Bd6 21. Ne2 Rc4 22. fxe6 Be5 23. exf7+ Kxf7 24. c3 Rd8 25. a4 Rxb4 26. axb5 Rxb5 27. Rf1 Rd7 28. Ra4 Ke6 29. Nf4+ Bxf4 30. Rxf4 Rb1 31. Rf1 Rxd2 32. Bxd2 Rxf1+ 33. Kh2 1/2-1/2

[Event "Napoli Vomero Winter 5th"]
[Site "Napoli"]
[Date "2010.01.14"]
[Round "1"]
[White "Gallina, Giacomo"]
[Black "De Rosa, Francesco"]
[Result "0-1"]
[WhiteElo "1705"]
[BlackElo "1979"]
[PlyCount "72"]
[EventDate "2010.01.14"]
[EventType "swiss"]
[EventRounds "7"]
[EventCountry "ITA"]
[SourceTitle "EXT 2024"]
[Source "ChessBase"]
[SourceDate "2023.10.10"]
[SourceVersion "1"]
[SourceVersionDate "2023.10.10"]
[SourceQuality "1"]

1. e4 c5 2. Nc3 Nc6 3. Bc4 Nf6 4. f4 d6 5. a3 Bd7 6. Nf3 Nd4 7. Ng5 Bg4 8. Bxf7+ Kd7 9. Nf3 e6 10. e5 dxe5 11. Nxe5+ Ke7 12. Nxg4 Nxg4 13. Bh5 Nf6 14. Bf3 Qc7 15. d3 Rd8 16. Ne4 c4 17. Nxf6 gxf6 18. Bd2 a5 19. b4 cxb3 20. cxb3 Nc2+ 21. Ke2 Nxa1 22. Qxa1 Bh6 23. Bc3 Qxf4 24. Be4 Qe3+ 25. Kf1 Qf4+ 26. Ke2 b6 27. g3 Qe3+ 28. Kf1 Rhf8 29. Kg2 Qe2+ 30. Kh3 f5 31. Bc6 Rxd3 32. Rd1 Qc2 33. Bg7 Qxc6 34. Bxh6 Rg8 35. Rc1 Qd6 36. Bf4 Qxf4 0-1

[Event "Napoli Vomero Natale op 5th"]
[Site "Napoli"]
[Date "2009.12.10"]
[Round "6"]
[White "Tomarchio, Lucio"]
[Black "Gallina, Giacomo"]
[Result "0-1"]
[WhiteElo "1428"]
[BlackElo "1810"]
[PlyCount "112"]
[EventDate "2009.11.05"]
[EventType "swiss"]
[EventRounds "7"]
[EventCountry "ITA"]
[SourceTitle "EXT 2012"]
[Source "ChessBase"]
[SourceDate "2011.11.24"]
[SourceVersion "1"]
[SourceVersionDate "2011.11.24"]
[SourceQuality "1"]

1. d4 Nf6 2. Nf3 c6 3. c4 d6 4. Nc3 Bf5 5. e3 e6 6. Be2 Nbd7 7. h3 Qc7 8. Nh4 Be4 9. Nxe4 Nxe4 10. 0-0 Be7 11. Qc2 d5 12. Nf3 Bd6 13. c5 Be7 14. Nd2 f5 15. a4 Ndf6 16. b4 e5 17. dxe5 Nxd2 18. Qxd2 Qxe5 19. Bb2 Qe6 20. Qc3 g5 21. Bh5+ Kd7 22. Be2 Ne4 23. Qxh8 Rxh8 24. Bxh8 Qf7 25. Be5 h5 26. f3 Nf6 27. Bb8 a6 28. Ba7 Qe6 29. Ra3 Qe5 30. Rb3 g4 31. b5 gxh3 32. bxc6+ bxc6 33. Bxa6 Qg3 34. Rb2 Nh7 35. Bb8 Qg7 36. Rfb1 Qc3 37. Bf4 Qxc5 38. gxh3 Ke6 39. Bc8+ Kf6 40. h4 d4 41. Rb3 Kf7 42. Rd3 Qc2 43. Rbd1 Bxh4 44. R3d2 Qc5 45. exd4 Qd5 46. Rf1 Nf8 47. Kh2 Ng6 48. Be3 Qd6+ 49. f4 Qd5 50. Rb2 Qc4 51. Rb7+ Ne7 52. Ra1 Qe2+ 53. Kh3 Qg4+ 54. Kh2 Qg3+ 55. Kh1 Qxe3 56. Bxf5 Bg3 0-1

[Event "Napoli Vomero Natale op 5th"]
[Site "Napoli"]
[Date "2009.11.05"]
[Round "1"]
[White "Gallina, Giacomo"]
[Black "Messina, Enrico"]
[Result "0-1"]
[WhiteElo "1810"]
[BlackElo "2119"]
[PlyCount "56"]
[EventDate "2009.11.05"]
[EventType "swiss"]
[EventRounds "7"]
[EventCountry "ITA"]
[SourceTitle "EXT 2012"]
[Source "ChessBase"]
[SourceDate "2011.11.24"]
[SourceVersion "1"]
[SourceVersionDate "2011.11.24"]
[SourceQuality "1"]

1. e4 c5 2. Nc3 Nc6 3. f4 e6 4. Bc4 Nge7 5. Nf3 d5 6. Bb3 dxe4 7. Nxe4 Nd5 8. d3 Be7 9. 0-0 0-0 10. a3 b6 11. Qe1 Bb7 12. Qg3 Kh8 13. Bd2 Nf6 14. Bc3 Nd4 15. Nxd4 cxd4 16. Nxf6 dxc3 17. Ng4 cxb2 18. Rae1 Bh4 19. Qh3 Bxe1 20. Rxe1 Qd4+ 21. Qe3 Rad8 22. Kh1 h5 23. Qxd4 Rxd4 24. Ne5 Rxf4 25. Kg1 Rf5 26. Nc4 Bd5 27. Rb1 Bxc4 28. Bxc4 Ra5 0-1

[Event "Napoli Vomero Settembre op 6th"]
[Site "Napoli"]
[Date "2009.10.22"]
[Round "6"]
[White "Gallina, Giacomo"]
[Black "Di Gennaro, Antonio"]
[Result "1/2-1/2"]
[WhiteElo "1810"]
[BlackElo "1700"]
[PlyCount "76"]
[EventDate "2009.09.10"]
[EventType "swiss"]
[EventRounds "6"]
[EventCountry "ITA"]
[SourceTitle "EXT 2011"]
[Source "ChessBase"]
[SourceDate "2010.11.26"]
[SourceVersion "1"]
[SourceVersionDate "2010.11.26"]
[SourceQuality "1"]

1. e4 c5 2. Nc3 Nc6 3. f4 g6 4. Bc4 e6 5. Nf3 Bg7 6. d3 Nge7 7. Bb3 d5 8. 0-0 0-0 9. a3 Bxc3 10. bxc3 dxe4 11. dxe4 Na5 12. Qe1 Nec6 13. Qg3 Qf6 14. Bb2 c4 15. Ba2 b5 16. Nd4 a6 17. a4 Rb8 18. Ba3 Nxd4 19. cxd4 Qxd4+ 20. Kh1 Re8 21. Rae1 b4 22. Bc1 Qa1 23. Bxc4 Nxc4 24. f5 Bd7 25. Bf4 Qg7 26. Bxb8 Bxa4 27. Rf2 exf5 28. Rfe2 fxe4 29. Rxe4 Rxe4 30. Rxe4 Qf6 31. h4 Bxc2 32. Re8+ Kg7 33. Rc8 Qe6 34. Rc7 b3 35. Qc3+ Qf6 36. Qxc4 b2 37. Rxf7+ Qxf7 38. Be5+ Kg8 1/2-1/2

[Event "Napoli Parthenope op 1st"]
[Site "Napoli"]
[Date "2005.05.15"]
[Round "6"]
[White "Gallina, Giacomo"]
[Black "Schiappoli, Dario"]
[Result "0-1"]
[WhiteElo "1844"]
[BlackElo "1954"]
[PlyCount "124"]
[EventDate "2005.05.13"]
[EventType "swiss"]
[EventRounds "6"]
[EventCountry "ITA"]
[SourceTitle "EXT 2007"]
[Source "ChessBase"]
[SourceDate "2006.11.23"]
[SourceVersion "1"]
[SourceVersionDate "2006.11.23"]
[SourceQuality "1"]

1. e4 c5 2. Nc3 Nc6 3. f4 g6 4. Nf3 Bg7 5. a3 a6 6. Bc4 e6 7. Bb3 Nge7 8. d3 0-0 9. 0-0 d6 10. Qe1 Nd4 11. Nxd4 cxd4 12. Ne2 Bd7 13. Qf2 Nc6 14. Qg3 f5 15. Qh3 Kh8 16. exf5 exf5 17. Kh1 Qf6 18. Bd2 Rfe8 19. Ng1 Be6 20. c4 dxc3 21. Bxc3 Qf7 22. Bxe6 Qxe6 23. Rae1 Qd7 24. Nf3 Rxe1 25. Rxe1 Re8 26. Ng5 Rxe1+ 27. Bxe1 Bxb2 28. d4 Bxd4 29. Bc3 Bxc3 30. Qxc3+ Qg7 31. Nf7+ Kg8 32. Qxg7+ Kxg7 33. Nxd6 b5 34. Kg1 Kf8 35. Kf2 Ke7 36. Nc8+ Kd7 37. Nb6+ Kd6 38. Ke3 Ne7 39. a4 Kc6 40. a5 Nd5+ 41. Nxd5 Kxd5 42. Kd3 Kc5 43. Kc3 b4+ 44. Kb3 Kb5 45. h3 h5 46. g3 Kxa5 47. Kc4 b3 48. Kxb3 Kb5 49. Kc3 Kc5 50. Kd3 Kd5 51. Ke3 a5 52. Kf3 a4 53. g4 a3 54. gxh5 gxh5 55. Kg3 Ke4 56. Kh4 Kxf4 57. Kxh5 a2 58. Kg6 Ke4 59. h4 f4 60. h5 f3 61. h6 f2 62. h7 a1B 0-1